000 00686cab a2200253 4500
001 ABS57547
008 090401t1997 xxu||||| |||| 00| 0 eng d
035 _a(Sirsi) u80240
041 _aeng
100 _aKnight, M.
245 _aBadgers and their setts - caution is the watchword
260 _c1997
350 _a0
490 _aFarmers' Weekly
_v8 August 1997, 74(1)
520 _aReviews the legal background behind the protection of Badgers Act 1992.
650 _aBADGER SETTS
650 _aBADGERS
650 _aLEGISLATION
650 _aPROTECTION OF BADGERS ACT 1992
650 _aPROTECTION
690 _aRURAL PRACTICE
942 _n0
948 _c13/08/1997
999 _c50509
_d50509